[Event "35. Abierto Ciudad de Sevilla 2010"]
[Site "Sevilla ESP"]
[Date "2010.01.15"]
[Round "8.3"]
[White "Campora Sivori, Daniel"]
[Black "Mirzoev, Azer"]
[Result "1/2-1/2"]
[WhiteElo "2483"]
[BlackElo "2594"]
[PlyCount "42"]
[EventDate "2010.01.08"]
[EventType "swiss"]
[EventRounds "9"]
[EventCountry "ESP"]
[Source "lmi"]
[SourceDate "2010.01.08"]

1. e4 e6 2. d4 d5 3. exd5 exd5 4. Bf4 Bd6 5. Bxd6 Qxd6 6. Nc3 Ne7 7. Qd2 c6 8.
h3 Nd7 9. Nf3 Ng6 10. O-O-O O-O 11. Re1 Rd8 12. Bd3 Ndf8 13. Ne5 f6 14. Nxg6
Nxg6 15. Bxg6 hxg6 16. Re3 Bd7 17. Rhe1 g5 18. Nd1 Re8 19. Rxe8+ Rxe8 20. Rxe8+
Bxe8 21. Ne3 Bg6 1/2-1/2

[Event "35. Abierto Ciudad de Sevilla 2010"]
[Site "Sevilla ESP"]
[Date "2010.01.15"]
[Round "8.4"]
[White "Burmakin, Vladimir"]
[Black "Komljenovic, Davorin"]
[Result "1/2-1/2"]
[WhiteElo "2590"]
[BlackElo "2431"]
[PlyCount "27"]
[EventDate "2010.01.08"]
[EventType "swiss"]
[EventRounds "9"]
[EventCountry "ESP"]
[Source "lmi"]
[SourceDate "2010.01.08"]

1. Nf3 g6 2. d4 Bg7 3. g3 c5 4. d5 b5 5. Bg2 d6 6. O-O Nf6 7. c4 bxc4 8. Nfd2
Nbd7 9. Nxc4 Ba6 10. Qa4 Bxc4 11. Qxc4 O-O 12. Nc3 Qb8 13. Qa4 Re8 14. Rd1
1/2-1/2

[Event "35. Abierto Ciudad de Sevilla 2010"]
[Site "Sevilla ESP"]
[Date "2010.01.15"]
[Round "8.6"]
[White "Berbatov, Kiprian"]
[Black "Matamoros Franco, Carlos"]
[Result "1/2-1/2"]
[WhiteElo "2455"]
[BlackElo "2545"]
[PlyCount "78"]
[EventDate "2010.01.08"]
[EventType "swiss"]
[EventRounds "9"]
[EventCountry "ESP"]
[Source "lmi"]
[SourceDate "2010.01.08"]

1. e4 e5 2. Nf3 Nc6 3. Bb5 Nf6 4. O-O Nxe4 5. d4 Nd6 6. dxe5 Nxb5 7. a4 Nbd4 8.
Nxd4 d5 9. Nc3 Be7 10. f4 O-O 11. Nxc6 bxc6 12. Be3 f6 13. exf6 Bxf6 14. Bc5
Re8 15. Qd3 a5 16. Rfe1 Ba6 17. Qd2 Qd7 18. Rxe8+ Rxe8 19. Re1 Rxe1+ 20. Qxe1
Kf7 21. h3 d4 22. Ne4 Qe6 23. Ng5+ Bxg5 24. Qxe6+ Kxe6 25. fxg5 Kd5 26. Bf8 g6
27. Kf2 c5 28. Ke1 Bc8 29. Kd2 Bd7 30. b3 c4 31. Bg7 Be6 32. Bf6 cxb3 33. cxb3
Ke4 34. Bd8 c6 35. Kc2 Ke3 36. Bb6 Bf5+ 37. Kb2 Be6 38. h4 Kd3 39. g3 Ke3
1/2-1/2

[Event "35. Abierto Ciudad de Sevilla 2010"]
[Site "Sevilla ESP"]
[Date "2010.01.16"]
[Round "8.7"]
[White "Spraggett, Kevin"]
[Black "Ivanov, Jordan"]
[Result "1-0"]
[WhiteElo "2586"]
[BlackElo "2409"]
[PlyCount "145"]
[EventDate "2010.01.08"]
[EventType "swiss"]
[EventRounds "9"]
[EventCountry "ESP"]
[Source "lmi"]
[SourceDate "2010.01.08"]

1. e4 c5 2. Nf3 e6 3. d4 cxd4 4. Nxd4 Nc6 5. Nb5 d6 6. c4 Nf6 7. N5c3 Be7 8.
Be2 b6 9. O-O Bb7 10. Bf4 O-O 11. Re1 a6 12. Bf1 Rc8 13. Nd2 Qc7 14. Rc1 Qb8
15. a3 Rfd8 16. b4 Ne5 17. Bg3 Ng6 18. f4 Nd7 19. Nf3 Bf6 20. f5 Nge5 21. fxe6
fxe6 22. Qb3 Re8 23. Nb1 Bc6 24. Nbd2 Kh8 25. Kh1 Nf7 26. c5 bxc5 27. Bxa6 Rcd8
28. Bc4 Nf8 29. b5 Bb7 30. a4 Qa8 31. Bd3 Nd7 32. Bc2 Nfe5 33. Nxe5 Bxe5 34.
Nc4 Bxg3 35. Qxg3 d5 36. Nd6 Rf8 37. e5 d4 38. Qh4 h6 39. Qg3 c4 40. Nxc4 Nc5
41. Nd6 d3 42. Bxd3 Nxd3 43. Qxd3 Bxg2+ 44. Kg1 Bd5 45. Qd4 Rxd6 46. exd6 Qd8
47. Rc3 Qxd6 48. Rg3 Rf6 49. Rc1 Qf8 50. a5 Rf4 51. Qe3 Bc4 52. Rxc4 Rxc4 53.
b6 Ra4 54. Qe5 Rb4 55. h3 Kh7 56. Rg2 g5 57. Qc7+ Kg6 58. Qc2+ Kh5 59. Qe2+ Kg6
60. Qxe6+ Kh5 61. Qe2+ Kg6 62. Qc2+ Kh5 63. Rf2 Qd6 64. Qc3 Kh4 65. Rd2 Qf4 66.
Kg2 Qe4+ 67. Qf3 Qxf3+ 68. Kxf3 Kxh3 69. Rd6 g4+ 70. Ke2 h5 71. a6 g3 72. a7 g2
73. Rd1 1-0

[Event "35. Abierto Ciudad de Sevilla 2010"]
[Site "Sevilla ESP"]
[Date "2010.01.15"]
[Round "8.9"]
[White "Diogo, Vasco"]
[Black "Korneev, Oleg"]
[Result "1/2-1/2"]
[WhiteElo "2303"]
[BlackElo "2573"]
[PlyCount "78"]
[EventDate "2010.01.08"]
[EventType "swiss"]
[EventRounds "9"]
[EventCountry "ESP"]
[Source "lmi"]
[SourceDate "2010.01.08"]

1. e4 e5 2. Nf3 Nc6 3. d4 exd4 4. Nxd4 Bc5 5. Nxc6 Qf6 6. Qf3 bxc6 7. Nc3 d6 8.
Bc4 Ne7 9. Qxf6 gxf6 10. Na4 Bd4 11. c3 Bb6 12. Nxb6 axb6 13. O-O Be6 14. Bxe6
fxe6 15. Re1 h5 16. a3 c5 17. Be3 c4 18. Rad1 Nc6 19. f4 Ke7 20. Bc1 Rag8 21.
Re3 Na5 22. Rg3 Nb3 23. Be3 Nc5 24. Bxc5 bxc5 25. Rxg8 Rxg8 26. Ra1 Rg4 27. g3
e5 28. fxe5 fxe5 29. Re1 Kd7 30. Kf2 Kc6 31. h3 Rg8 32. Kf3 Kb5 33. g4 hxg4+
34. hxg4 Ka4 35. Kg3 Kb3 36. Re2 c6 37. Rd2 Rg6 38. Kh4 d5 39. Kh5 Rg8 1/2-1/2

[Event "35. Abierto Ciudad de Sevilla 2010"]
[Site "Sevilla ESP"]
[Date "2010.01.15"]
[Round "8.12"]
[White "Carretero Ortiz, Francisco"]
[Black "Rivas Pastor, Manuel"]
[Result "0-1"]
[WhiteElo "2243"]
[BlackElo "2531"]
[PlyCount "92"]
[EventDate "2010.01.08"]
[EventType "swiss"]
[EventRounds "9"]
[EventCountry "ESP"]
[Source "lmi"]
[SourceDate "2010.01.08"]

1. Nc3 d5 2. e4 dxe4 3. Nxe4 Bf5 4. Qf3 Qd5 5. Nc3 Qxf3 6. Nxf3 Nf6 7. Bc4 e6
8. d3 a6 9. Bf4 Bd6 10. Bxd6 cxd6 11. Nh4 Bg6 12. Nxg6 hxg6 13. d4 d5 14. Bd3
g5 15. Ne2 Nc6 16. c3 Kd7 17. h3 g4 18. Kd2 gxh3 19. Rxh3 Rxh3 20. gxh3 Rh8 21.
Rg1 g6 22. Rg3 Ne7 23. Ng1 Nf5 24. Bxf5 exf5 25. Re3 Ne4+ 26. Ke1 Kd6 27. Kf1
f4 28. Re1 Ng5 29. Kg2 f6 30. a4 b6 31. f3 Ne6 32. Ne2 g5 33. Nc1 Ng7 34. Nd3
Nf5 35. a5 Ne3+ 36. Kh2 bxa5 37. Ra1 Nc4 38. b3 Nd2 39. Rxa5 Nxf3+ 40. Kg2 Nd2
41. Rxa6+ Ke7 42. Nc5 Kf7 43. Nd7 f3+ 44. Kg3 Ne4+ 45. Kxf3 Rxh3+ 46. Kg4 Nf2+
0-1

[Event "35. Abierto Ciudad de Sevilla 2010"]
[Site "Sevilla ESP"]
[Date "2010.01.15"]
[Round "8.13"]
[White "Pogorelov, Ruslan"]
[Black "Sgnaolin, Davide"]
[Result "1-0"]
[WhiteElo "2474"]
[BlackElo "2220"]
[PlyCount "61"]
[EventDate "2010.01.08"]
[EventType "swiss"]
[EventRounds "9"]
[EventCountry "ESP"]
[Source "lmi"]
[SourceDate "2010.01.08"]

1. Nf3 c5 2. c4 Nc6 3. d4 cxd4 4. Nxd4 g6 5. e4 Bg7 6. Be3 Nf6 7. Nc3 Ng4 8.
Qxg4 Nxd4 9. Qd1 e5 10. Bd3 O-O 11. O-O d6 12. Nb5 Nxb5 13. cxb5 d5 14. exd5
Qxd5 15. Qc2 e4 16. Bxe4 Qxb5 17. a4 Qe5 18. Rfd1 Re8 19. Bd5 Bg4 20. Qc4 Be6
21. Bxe6 Rxe6 22. Rab1 a6 23. Rd5 Qe4 24. Qxe4 Rxe4 25. b3 Rc8 26. Kf1 Bf6 27.
Rbd1 Ree8 28. Rd7 Rb8 29. Bh6 b5 30. axb5 axb5 31. R1d5 1-0

[Event "35. Abierto Ciudad de Sevilla 2010"]
[Site "Sevilla ESP"]
[Date "2010.01.15"]
[Round "8.14"]
[White "Starostits, Ilmars"]
[Black "Medina Carrasco, Santiago"]
[Result "1-0"]
[WhiteElo "2471"]
[BlackElo "2186"]
[PlyCount "77"]
[EventDate "2010.01.08"]
[EventType "swiss"]
[EventRounds "9"]
[EventCountry "ESP"]
[Source "lmi"]
[SourceDate "2010.01.08"]

1. e4 e5 2. Nf3 d6 3. Nc3 Nf6 4. Bc4 Be7 5. O-O O-O 6. d4 exd4 7. Nxd4 a6 8. a4
c5 9. Nf5 Be6 10. Nd5 Nxd5 11. Bxd5 Nc6 12. Ra3 Qd7 13. Rg3 Bxf5 14. exf5 Qxf5
15. Re1 Bf6 16. Be4 Qd7 17. Bxh7+ Kxh7 18. Qh5+ Kg8 19. Rh3 Qxh3 20. Qxh3 Rfe8
21. Rxe8+ Rxe8 22. Kf1 Nd4 23. Qd7 Re6 24. Qxb7 Nxc2 25. Bd2 Bg5 26. Qb8+ Kh7
27. Qb3 Nd4 28. Qd3+ Kh6 29. f4 Rf6 30. Qh3+ Kg6 31. g4 Rxf4+ 32. Bxf4 Bxf4 33.
Qh5+ Kf6 34. h4 g6 35. Qh8+ Ke7 36. Qa8 Kf6 37. Qxa6 Nf3 38. a5 Be5 39. Qd3 1-0

[Event "35. Abierto Ciudad de Sevilla 2010"]
[Site "Sevilla ESP"]
[Date "2010.01.15"]
[Round "8.15"]
[White "Teran Alvarez, Ismael"]
[Black "Fernandez Romero, Ernesto"]
[Result "1/2-1/2"]
[WhiteElo "2425"]
[BlackElo "2458"]
[PlyCount "32"]
[EventDate "2010.01.08"]
[EventType "swiss"]
[EventRounds "9"]
[EventCountry "ESP"]
[Source "lmi"]
[SourceDate "2010.01.08"]

1. e4 c5 2. Nf3 Nc6 3. d4 cxd4 4. Nxd4 Nf6 5. Nc3 e6 6. Ndb5 Bb4 7. a3 Bxc3+ 8.
Nxc3 d5 9. Bd3 dxe4 10. Nxe4 Nxe4 11. Bxe4 Qxd1+ 12. Kxd1 e5 13. Re1 f6 14. Be3
Be6 15. Ke2 f5 16. Bxc6+ bxc6 1/2-1/2

[Event "35. Abierto Ciudad de Sevilla 2010"]
[Site "Sevilla ESP"]
[Date "2010.01.15"]
[Round "8.16"]
[White "Razmyslov, Alexander"]
[Black "Melero Fidalgo, Juan De Dios"]
[Result "1/2-1/2"]
[WhiteElo "2431"]
[BlackElo "2162"]
[PlyCount "62"]
[EventDate "2010.01.08"]
[EventType "swiss"]
[EventRounds "9"]
[EventCountry "ESP"]
[Source "lmi"]
[SourceDate "2010.01.08"]

1. d4 Nf6 2. c4 e6 3. Nc3 Bb4 4. e3 b6 5. Nge2 c5 6. a3 Ba5 7. Rb1 Na6 8. Bd2
Bxc3 9. Nxc3 Bb7 10. d5 exd5 11. cxd5 Nc7 12. e4 Qe7 13. Qe2 d6 14. f3 O-O 15.
Kf2 Rae8 16. Qd1 a6 17. b4 Bc8 18. bxc5 bxc5 19. Be2 Nd7 20. Re1 f5 21. exf5
Rxf5 22. Kg1 Qh4 23. f4 Rff8 24. Qa4 Qd8 25. Qc6 Nf6 26. Bf3 Nb5 27. Nxb5 axb5
28. Qxb5 Bf5 29. Ra1 Be4 30. Bxe4 Nxe4 31. Be3 Qa8 1/2-1/2

[Event "35. Abierto Ciudad de Sevilla 2010"]
[Site "Sevilla ESP"]
[Date "2010.01.15"]
[Round "8.17"]
[White "Barria Zuñiga, Daniel"]
[Black "Steinhauser, Thomas"]
[Result "1-0"]
[WhiteElo "2430"]
[BlackElo "2128"]
[PlyCount "39"]
[EventDate "2010.01.08"]
[EventType "swiss"]
[EventRounds "9"]
[EventCountry "ESP"]
[Source "lmi"]
[SourceDate "2010.01.08"]

1. d4 Nf6 2. c4 c5 3. d5 b5 4. Qc2 bxc4 5. e4 d6 6. Bxc4 g6 7. Nc3 Bg7 8. Nf3
Nbd7 9. h3 O-O 10. O-O Nb6 11. Be2 e6 12. dxe6 Bxe6 13. Bg5 Qb8 14. Rfd1 Nbd7
15. Rd2 Ne5 16. Rad1 c4 17. Nd4 Bd7 18. f4 Qb6 19. Bxf6 Bxf6 20. Nd5 1-0

[Event "35. Abierto Ciudad de Sevilla 2010"]
[Site "Sevilla ESP"]
[Date "2010.01.15"]
[Round "8.19"]
[White "Torres Ventosa, Pedro Eugenio"]
[Black "Barrero Garcia, Carlos"]
[Result "1-0"]
[WhiteElo "2148"]
[BlackElo "2421"]
[PlyCount "59"]
[EventDate "2010.01.08"]
[EventType "swiss"]
[EventRounds "9"]
[EventCountry "ESP"]
[Source "lmi"]
[SourceDate "2010.01.08"]

1. e4 c5 2. Nf3 e6 3. c3 d5 4. exd5 exd5 5. d4 Nc6 6. Be2 Bd6 7. dxc5 Bxc5 8.
O-O Nge7 9. Nbd2 O-O 10. Nb3 Bb6 11. Bg5 f6 12. Bf4 Ng6 13. Bg3 f5 14. h3 f4
15. Bh2 Kh8 16. Qd2 Bf5 17. Nbd4 Bd7 18. Rad1 Qf6 19. Nc2 Rae8 20. Bb5 Rd8 21.
Qxd5 Bg4 22. Qe4 Rde8 23. Qd5 Bxf3 24. Qxf3 Nh4 25. Qg4 Ne5 26. Qxf4 Qg6 27.
Qg3 Qxc2 28. Bxe8 Bxf2+ 29. Kh1 Rf5 30. Ba4 1-0

[Event "35. Abierto Ciudad de Sevilla 2010"]
[Site "Sevilla ESP"]
[Date "2010.01.15"]
[Round "8.20"]
[White "Barrios Muñoz, Rafael"]
[Black "Cabrera Trujillo, Jorge Juan"]
[Result "1/2-1/2"]
[WhiteElo "2152"]
[BlackElo "2384"]
[PlyCount "46"]
[EventDate "2010.01.08"]
[EventType "swiss"]
[EventRounds "9"]
[EventCountry "ESP"]
[Source "lmi"]
[SourceDate "2010.01.08"]

1. d4 d5 2. Nf3 Nf6 3. c4 c6 4. Nc3 e6 5. Bg5 Be7 6. e3 O-O 7. cxd5 Nxd5 8.
Bxe7 Qxe7 9. Bd3 Nd7 10. Nxd5 exd5 11. O-O Nf6 12. h3 Ne8 13. Rc1 g6 14. Rc5
Bd7 15. a3 Nd6 16. b4 b6 17. Rc3 b5 18. Rc5 f6 19. Qc2 a5 20. Rb1 axb4 21. axb4
Ra4 22. Rxc6 Bxc6 23. Qxc6 Rb8 1/2-1/2

[Event "35. Abierto Ciudad de Sevilla 2010"]
[Site "Sevilla ESP"]
[Date "2010.01.15"]
[Round "8"]
[White "Muñoz Martin, Pablo"]
[Black "Coimbra, Margarida"]
[Result "1-0"]
[WhiteElo "2255"]
[BlackElo "2109"]
[PlyCount "37"]
[EventDate "2010.01.08"]
[EventType "swiss"]
[EventRounds "9"]
[EventCountry "ESP"]
[Source "lmi"]
[SourceDate "2010.01.08"]

1. d4 d5 2. e3 Nf6 3. Bd3 e6 4. Nf3 c5 5. b3 Nc6 6. Bb2 Be7 7. a3 O-O 8. Nbd2
b6 9. Ne5 Bb7 10. Qf3 Qc7 11. O-O c4 12. bxc4 dxc4 13. Ndxc4 Nxd4 14. Qh3 Nf5
15. g4 Nd6 16. Nxd6 Qxd6 17. Rad1 Qc5 18. Nd7 Qc6 19. Nxf6+ 1-0

[Event "35. Abierto Ciudad de Sevilla 2010"]
[Site "Sevilla ESP"]
[Date "2010.01.16"]
[Round "9.1"]
[White "Bhat Vinay, S."]
[Black "Vazquez Igarza, Renier"]
[Result "1/2-1/2"]
[WhiteElo "2540"]
[BlackElo "2560"]
[PlyCount "29"]
[EventDate "2010.01.08"]
[EventType "swiss"]
[EventRounds "9"]
[EventCountry "ESP"]
[Source "lmi"]
[SourceDate "2010.01.08"]

1. d4 d5 2. c4 c6 3. Nf3 Nf6 4. Nc3 dxc4 5. a4 Bf5 6. Ne5 Nbd7 7. Nxc4 Qc7 8.
g3 e5 9. dxe5 Nxe5 10. Bf4 Nfd7 11. Bg2 g5 12. Ne3 gxf4 13. Nxf5 O-O-O 14. Qc2
Ng6 15. O-O 1/2-1/2

[Event "35. Abierto Ciudad de Sevilla 2010"]
[Site "Sevilla ESP"]
[Date "2010.01.16"]
[Round "9.2"]
[White "Hamdouchi, Hicham"]
[Black "Burmakin, Vladimir"]
[Result "1/2-1/2"]
[WhiteElo "2601"]
[BlackElo "2590"]
[PlyCount "25"]
[EventDate "2010.01.08"]
[EventType "swiss"]
[EventRounds "9"]
[EventCountry "ESP"]
[Source "lmi"]
[SourceDate "2010.01.08"]

1. e4 c6 2. d4 d5 3. Nc3 dxe4 4. Nxe4 Bf5 5. Nc5 Qc8 6. Bd3 Bg6 7. Nf3 Nf6 8.
Ne5 e6 9. Nxg6 hxg6 10. Ne4 Nxe4 11. Bxe4 Qc7 12. g3 Nd7 13. c3 1/2-1/2

[Event "35. Abierto Ciudad de Sevilla 2010"]
[Site "Sevilla ESP"]
[Date "2010.01.16"]
[Round "9.3"]
[White "Mirzoev, Azer"]
[Black "Pogorelov, Ruslan"]
[Result "1/2-1/2"]
[WhiteElo "2594"]
[BlackElo "2474"]
[PlyCount "85"]
[EventDate "2010.01.08"]
[EventType "swiss"]
[EventRounds "9"]
[EventCountry "ESP"]
[Source "lmi"]
[SourceDate "2010.01.08"]

1. d4 Nf6 2. c4 e6 3. Nf3 b6 4. g3 Ba6 5. b3 Bb4+ 6. Bd2 Be7 7. Bg2 c6 8. Bc3
d5 9. Ne5 Nfd7 10. Nxd7 Nxd7 11. Nd2 O-O 12. O-O Rc8 13. e4 c5 14. exd5 exd5
15. dxc5 dxc4 16. c6 cxb3 17. Re1 b2 18. Bxb2 Nc5 19. Nc4 Bxc4 20. Qg4 Bg5 21.
Qxc4 Nd3 22. Be5 Nxe1 23. Rxe1 Bf6 24. Bxf6 Qxf6 25. c7 Qd6 26. Rc1 b5 27. Qc2
g6 28. Bb7 b4 29. Qc5 Qxc5 30. Rxc5 f5 31. Kf1 Kf7 32. Ke2 Ke7 33. Rc4 Kd6 34.
Bxc8 Rxc8 35. Rxb4 Rxc7 36. Kd3 Ke5 37. Rb5+ Kf6 38. Ra5 Kg5 39. h3 Rd7+ 40.
Ke3 Re7+ 41. Kd3 Rd7+ 42. Ke3 Re7+ 43. Kd3 1/2-1/2

[Event "35. Abierto Ciudad de Sevilla 2010"]
[Site "Sevilla ESP"]
[Date "2010.01.16"]
[Round "9.4"]
[White "Lalic, Bogdan"]
[Black "Spraggett, Kevin"]
[Result "0-1"]
[WhiteElo "2494"]
[BlackElo "2586"]
[PlyCount "84"]
[EventDate "2010.01.08"]
[EventType "swiss"]
[EventRounds "9"]
[EventCountry "ESP"]
[Source "lmi"]
[SourceDate "2010.01.08"]

1. d4 Nf6 2. c4 e6 3. Nf3 c5 4. d5 exd5 5. cxd5 d6 6. Nc3 g6 7. h3 Bg7 8. e4
O-O 9. Bd3 a6 10. a4 Nh5 11. O-O Nd7 12. Re1 Re8 13. g4 Nhf6 14. Bf4 h5 15. g5
Nh7 16. h4 Ne5 17. Nxe5 dxe5 18. Be3 f6 19. Qf3 fxg5 20. hxg5 Nxg5 21. Qg3 Nh3+
22. Kh1 Qf6 23. Bf1 Nf4 24. Bxc5 Bd7 25. a5 Rac8 26. Ba3 Bh6 27. Rac1 h4 28.
Qh2 Bg4 29. Re3 Nh5 30. Rce1 Bxe3 31. Rxe3 Ng3+ 32. Kg1 Nxf1 33. Kxf1 Rc4 34.
f3 Rec8 35. Ke1 Bd7 36. d6 Kg7 37. Rd3 h3 38. Rd5 Re8 39. Qg3 Rh8 40. Rd2 Rh5
41. Rf2 Qd8 42. f4 Qh4 0-1

[Event "35. Abierto Ciudad de Sevilla 2010"]
[Site "Sevilla ESP"]
[Date "2010.01.16"]
[Round "9.6"]
[White "Matamoros Franco, Carlos"]
[Black "Starostits, Ilmars"]
[Result "1/2-1/2"]
[WhiteElo "2545"]
[BlackElo "2471"]
[PlyCount "56"]
[EventDate "2010.01.08"]
[EventType "swiss"]
[EventRounds "9"]
[EventCountry "ESP"]
[Source "lmi"]
[SourceDate "2010.01.08"]

1. c4 e5 2. g3 Nc6 3. Nc3 g6 4. Bg2 Bg7 5. e4 d6 6. Nge2 f5 7. d3 Nf6 8. O-O
O-O 9. Nd5 Nxd5 10. cxd5 Ne7 11. Qb3 Kh8 12. f4 c6 13. fxe5 dxe5 14. Be3 cxd5
15. exd5 Ng8 16. Nc3 b6 17. Nb5 Nf6 18. Rac1 Bd7 19. d6 Ng4 20. Bd2 Bxb5 21.
Bxa8 Qxd6 22. Bd5 Qd7 23. Kh1 h5 24. Bg5 h4 25. gxh4 Ba4 26. Qc4 Bb5 27. Qb3
Ba4 28. Qc4 Bb5 1/2-1/2

[Event "35. Abierto Ciudad de Sevilla 2010"]
[Site "Sevilla ESP"]
[Date "2010.01.16"]
[Round "9.7"]
[White "Lemos, Damian"]
[Black "Berbatov, Kiprian"]
[Result "0-1"]
[WhiteElo "2544"]
[BlackElo "2455"]
[PlyCount "100"]
[EventDate "2010.01.08"]
[EventType "swiss"]
[EventRounds "9"]
[EventCountry "ESP"]
[Source "lmi"]
[SourceDate "2010.01.08"]

1. d4 Nf6 2. c4 g6 3. Nf3 Bg7 4. g3 O-O 5. Bg2 d6 6. O-O Nbd7 7. Nc3 e5 8. h3
c6 9. e4 Re8 10. Re1 exd4 11. Nxd4 Qb6 12. Na4 Qa5 13. Bf4 Ne5 14. b3 Nfd7 15.
Bd2 Qc7 16. Bc3 Nc5 17. Nb2 a5 18. a3 Qb6 19. Qc2 Ne6 20. Nxe6 Bxe6 21. Kh2 d5
22. Na4 Qc7 23. exd5 cxd5 24. cxd5 Bxh3 25. d6 Qc8 26. Nb6 Ng4+ 27. Kg1 Qxc3
28. Qxc3 Bxc3 29. Nxa8 Bxe1 30. Bxh3 Bxf2+ 31. Kg2 Bd4 32. Rc1 Ne3+ 33. Kf3
Rxa8 34. d7 Rf8 35. Rc7 Nd5 36. Rxb7 Nf6 37. Rb5 Rd8 38. Rxa5 Kf8 39. Ke2 Ke7
40. Kd3 Bb6 41. Ra6 Nxd7 42. Kc4 f5 43. b4 Bf2 44. a4 Rc8+ 45. Kd5 Nb6+ 46. Ke5
Bxg3+ 47. Kd4 Bf2+ 48. Ke5 Rc4 49. Ra7+ Nd7+ 50. Kd5 Rd4+ 0-1

[Event "35. Abierto Ciudad de Sevilla 2010"]
[Site "Sevilla ESP"]
[Date "2010.01.16"]
[Round "9.8"]
[White "Komljenovic, Davorin"]
[Black "Rizouk, Aimen"]
[Result "1/2-1/2"]
[WhiteElo "2431"]
[BlackElo "2532"]
[PlyCount "66"]
[EventDate "2010.01.08"]
[EventType "swiss"]
[EventRounds "9"]
[EventCountry "ESP"]
[Source "lmi"]
[SourceDate "2010.01.08"]

1. Nf3 Nf6 2. c4 e6 3. Nc3 d5 4. d4 Bb4 5. cxd5 exd5 6. Qa4+ Nc6 7. Bg5 h6 8.
Bxf6 Qxf6 9. e3 O-O 10. Be2 Be6 11. O-O Bd6 12. Nb5 Bg4 13. Rfc1 a6 14. Nxd6
Qxd6 15. Qc2 Rfc8 16. Qc5 Qxc5 17. Rxc5 Ne7 18. b4 c6 19. Rac1 Kf8 20. Kf1 Bxf3
21. Bxf3 Ke8 22. a4 b6 23. R5c2 a5 24. Rb2 axb4 25. Rxb4 Rcb8 26. Rcb1 Kd7 27.
Bd1 Kc7 28. Ke2 Ra5 29. Kd3 Nc8 30. f3 Nd6 31. e4 c5 32. dxc5 dxe4+ 33. fxe4
Rxc5 1/2-1/2

[Event "35. Abierto Ciudad de Sevilla 2010"]
[Site "Sevilla ESP"]
[Date "2010.01.16"]
[Round "9.9"]
[White "Rivas Pastor, Manuel"]
[Black "Barria Zuñiga, Daniel"]
[Result "1/2-1/2"]
[WhiteElo "2531"]
[BlackElo "2430"]
[PlyCount "25"]
[EventDate "2010.01.08"]
[EventType "swiss"]
[EventRounds "9"]
[EventCountry "ESP"]
[Source "lmi"]
[SourceDate "2010.01.08"]

1. g3 d5 2. d3 c6 3. Nd2 Nf6 4. Bg2 e5 5. e4 dxe4 6. dxe4 Bg4 7. Ngf3 Nbd7 8.
h3 Bh5 9. Qe2 a5 10. a4 Bc5 11. Nc4 Qc7 12. O-O O-O 13. Kh2 1/2-1/2

[Event "35. Abierto Ciudad de Sevilla 2010"]
[Site "Sevilla ESP"]
[Date "2010.01.16"]
[Round "9.11"]
[White "Korneev, Oleg"]
[Black "Urbina Perez, Juan Antonio"]
[Result "1-0"]
[WhiteElo "2573"]
[BlackElo "2197"]
[PlyCount "133"]
[EventDate "2010.01.08"]
[EventType "swiss"]
[EventRounds "9"]
[EventCountry "ESP"]
[Source "lmi"]
[SourceDate "2010.01.08"]

1. e4 c5 2. Nf3 d6 3. d4 cxd4 4. Nxd4 Nf6 5. Nc3 a6 6. Be3 e5 7. Nf3 Be7 8. Bc4
Qc7 9. Bb3 Nbd7 10. O-O O-O 11. Bg5 h6 12. Bh4 Rb8 13. a4 b5 14. axb5 axb5 15.
Nd2 b4 16. Bxf6 Nxf6 17. Nd5 Nxd5 18. Bxd5 Bd7 19. Nc4 Bb5 20. b3 Bxc4 21. Bxc4
Qc5 22. Ra6 Ra8 23. Rxa8 Rxa8 24. Qh5 Rf8 25. Rd1 Qa7 26. g3 Qc7 27. Rd5 Bg5
28. Qd1 Rb8 29. h4 Be7 30. Qa1 Bf8 31. Ra5 d5 32. Rxd5 Bd6 33. Qd1 Rd8 34. Kg2
Qe7 35. Qf3 Qf6 36. Qxf6 gxf6 37. Kf3 Be7 38. Rb5 Rd7 39. Rb8+ Kg7 40. Rc8 Bd6
41. Rc6 Bb8 42. Rb6 Bd6 43. Bb5 Bc5 44. Rc6 Bd4 45. Rc8 Rb7 46. Bc6 Ra7 47. Bd5
Re7 48. Rc4 Bc3 49. Kg4 Be1 50. Kf5 Rd7 51. h5 Re7 52. g4 Rd7 53. f3 Ra7 54.
Rc6 Bh4 55. Rb6 Rc7 56. Bc4 Be1 57. Rxf6 Bc3 58. g5 hxg5 59. h6+ Kg8 60. Kxg5
Bd2+ 61. Kh5 Rd7 62. Bd5 Rc7 63. Rg6+ Kh8 64. Rg7 Rd7 65. Bxf7 Rd6 66. Bg6 Bxh6
67. Rh7+ 1-0

[Event "35. Abierto Ciudad de Sevilla 2010"]
[Site "Sevilla ESP"]
[Date "2010.01.16"]
[Round "9.12"]
[White "Fernandez Romero, Ernesto"]
[Black "Rioboo De Larriva, Alvaro"]
[Result "1-0"]
[WhiteElo "2458"]
[BlackElo "2186"]
[PlyCount "111"]
[EventDate "2010.01.08"]
[EventType "swiss"]
[EventRounds "9"]
[EventCountry "ESP"]
[Source "lmi"]
[SourceDate "2010.01.08"]

1. d4 Nf6 2. c4 g6 3. Nc3 Bg7 4. e4 d6 5. Be2 O-O 6. Be3 Nc6 7. d5 Ne5 8. h3 e6
9. Nf3 Nxf3+ 10. Bxf3 Nd7 11. Qd2 a6 12. O-O exd5 13. Nxd5 c6 14. Nc3 Ne5 15.
Be2 f5 16. Rad1 fxe4 17. Bg5 Qb6 18. Nxe4 d5 19. Be3 Qd8 20. Bc5 Re8 21. cxd5
Nf7 22. Nc3 Qh4 23. d6 Bd7 24. f4 b5 25. Bd3 Re6 26. Bc2 Rae8 27. Rf2 Qh5 28.
b4 Kf8 29. Rdf1 a5 30. a3 Bh6 31. Bd1 Qh4 32. Bg4 axb4 33. axb4 Kg8 34. Qa2 Qf6
35. Ne2 Bf8 36. Bxe6 Bxe6 37. Qd2 Rd8 38. f5 gxf5 39. Bd4 Rxd6 40. Qc3 Qd8 41.
Bf6 Rd3 42. Qa1 Qd6 43. Nf4 Re3 44. Bd4 Re4 45. Bc5 Bg7 46. Qa8+ Qd8 47. Qxc6
Bc4 48. Nh5 Ne5 49. Qb7 Nf7 50. Rxf5 Re2 51. Nxg7 Kxg7 52. Rxf7+ Bxf7 53. Qxf7+
Kh8 54. Qf8+ Qxf8 55. Rxf8+ Kg7 56. Rb8 1-0

[Event "35. Abierto Ciudad de Sevilla 2010"]
[Site "Sevilla ESP"]
[Date "2010.01.16"]
[Round "9.13"]
[White "Perez Garcia, Roberto"]
[Black "Razmyslov, Alexander"]
[Result "0-1"]
[WhiteElo "2172"]
[BlackElo "2431"]
[PlyCount "88"]
[EventDate "2010.01.08"]
[EventType "swiss"]
[EventRounds "9"]
[EventCountry "ESP"]
[Source "lmi"]
[SourceDate "2010.01.08"]

1. e4 c6 2. d4 d5 3. Nc3 dxe4 4. Nxe4 Bf5 5. Ng3 Bg6 6. h4 h6 7. Nf3 Nd7 8. h5
Bh7 9. Bd3 Bxd3 10. Qxd3 e6 11. Bd2 Qc7 12. O-O-O Ngf6 13. Ne4 O-O-O 14. g3
Nxe4 15. Qxe4 Bd6 16. c4 c5 17. Bc3 Rhe8 18. Qe2 cxd4 19. Nxd4 a6 20. Rh4 Be7
21. Rhh1 Bf6 22. Kb1 Nc5 23. Qc2 Rd7 24. Rd2 Red8 25. Rhd1 Qe5 26. f3 Qxh5 27.
b4 e5 28. g4 Qh3 29. bxc5 exd4 30. c6 bxc6 31. Qf5 Kb8 32. Rb2+ Rb7 33. Rxb7+
Kxb7 34. Ba5 Rb8 35. c5 Ka8+ 36. Bb6 Bd8 37. Qd7 Bxb6 38. cxb6 Rxb6+ 39. Ka1
Qxf3 40. Qc8+ Ka7 41. Qd7+ Rb7 42. Qxd4+ Ka8 43. Re1 Rb8 44. Qxg7 f6 0-1